| 000 | 00668nam a2200229Ia 4500 | ||
|---|---|---|---|
| 005 | 20250508165558.0 | ||
| 008 | 008 250505s9999 xx 000 0 eng d | ||
| 020 | _a978-1-4462-7341-8 | ||
| 037 | _aReference | ||
| 040 |
_aFEDL _beng _cFEDL |
||
| 041 |
_aeng _2eng |
||
| 084 |
_a001.42, HAY/RR _qFEDL |
||
| 100 |
_aHayden Mary Ed. _9781256 |
||
| 245 | 0 | _aSage handbook of research in international education | |
| 250 | _a2 | ||
| 260 |
_aLondon, UK _bSage Publications _c2015 |
||
| 300 | _axix, 633p. | ||
| 365 |
_aGBP _b110 |
||
| 700 |
_a Levy Jack Ed. Thompson Jeff Ed. _9781257 |
||
| 942 |
_cREF _h001.42, HAY/RR |
||
| 999 |
_c1395975 _d1395975 |
||